10 Capitals Closest to Tbilisi - Statistics

General Stats
  • This quiz has been taken 63 times
  • The average score is 7 of 10
Answer Stats
km Capital % Correct
450 Baku
96%
1,022 Ankara
91%
882 Tehran
89%
172 Yerevan
89%
931 Baghdad
78%
1,178 Damascus
70%
1,191 Beirut
59%
1,338 Amman
48%
1,228 Ashgabat
43%
1,230 Nicosia
39%
No matching quizzes found
Score Distribution
Percent of People with Each Score
Percentile by Number Answered
Your Score History
You have not taken this quiz